[Event "Irena Warakomska Memorial A"]
[Site "chessmanager.com"]
[Date "2018.08.05"]
[Round "6"]
[White "Lisowski, Krzysztof"]
[Black "Ocytko, Andrzej"]
[Result "1/2-1/2"]
[Board "42"]
[WhiteElo "2072"]
[WhiteCountry "POL"]
[WhiteFideId "1110969"]
[WhiteEloChange "2"]
[BlackElo "2155"]
[BlackCountry "POL"]
[BlackFideId "1101242"]
[BlackEloChange "-2"]

1. e4 {[%clk 1:30:55]} e5 {[%clk 1:30:46]} 2. Nf3 {[%clk 1:31:08]} Nc6 {[%clk
1:30:00]} 3. Bc4 {[%clk 1:31:23]} Bc5 {[%clk 1:30:19]} 4. c3 {[%clk 1:31:44]} Nf6
{[%clk 1:30:43]} 5. d4 {[%clk 1:31:53]} exd4 {[%clk 1:30:45]} 6. e5 {[%clk
1:31:46]} d5 {[%clk 1:30:50]} 7. Be2 {[%clk 1:32:07]} Ne4 {[%clk 1:29:15]} 8.
cxd4 {[%clk 1:32:29]} Be7 {[%clk 1:28:38]} 9. Nc3 {[%clk 1:28:09]} O-O {[%clk
1:27:44]} 10. O-O {[%clk 1:28:17]} Be6 {[%clk 0:51:17]} 11. Be3 {[%clk 1:19:10]}
f5 {[%clk 1:19:47]} 12. exf6 {[%clk 1:17:10]} Bxf6 {[%clk 1:19:47]} 13. Rc1
{[%clk 0:54:31]} a6 {[%clk 1:05:28]} 14. Bd3 {[%clk 0:54:25]} Nxc3 {[%clk
0:54:01]} 15. bxc3 {[%clk 0:54:22]} Qd7 {[%clk 0:46:05]} 16. Ne5 {[%clk 0:38:58]}
Nxe5 {[%clk 0:41:27]} 17. dxe5 {[%clk 0:39:17]} Bxe5 {[%clk 0:41:12]} 18. Bxh7+
{[%clk 0:36:09]} Kxh7 {[%clk 0:41:44]} 19. Qh5+ {[%clk 0:36:34]} Kg8 {[%clk
0:42:07]} 20. Qxe5 {[%clk 0:36:34]} Rae8 {[%clk 0:37:11]} 21. Rfd1 {[%clk
0:26:58]} c6 {[%clk 0:37:11]} 22. Qg3 {[%clk 0:26:58]} Rc8 {[%clk 0:15:07]} 23.
Bc5 {[%clk 0:15:48]} Rfe8 {[%clk 0:15:22]} 24. Re1 {[%clk 0:10:09]} Bf5 {[%clk
0:15:22]} 25. h4 {[%clk 0:08:02]} Qf7 {[%clk 0:12:08]} 26. f3 {[%clk 0:08:02]}
Bg6 {[%clk 0:07:53]} 27. Qf2 {[%clk 0:04:22]} Rxe1+ {[%clk 0:07:30]} 28. Rxe1
{[%clk 0:04:46]} Re8 {[%clk 0:08:25]} 29. Rxe8+ {[%clk 0:03:54]} Qxe8 {[%clk
0:08:25]} 30. Qg3 {[%clk 0:03:43]} Kh7 {[%clk 0:08:25]} 31. Kh2 {[%clk 0:03:43]}
Qd8 {[%clk 0:07:29]} 32. Bd4 {[%clk 0:02:53]} Qe7 {[%clk 0:07:46]} 33. Qf2 {[%clk
0:01:59]} Qa3 {[%clk 0:06:53]} 34. Qg3 {[%clk 0:02:00]} Qe7 {[%clk 0:06:11]} 35.
Qf2 {[%clk 0:01:16]} Qa3 {[%clk 0:06:10]} 36. Qe3 {[%clk 0:01:05]} Qd6+ {[%clk
0:05:42]} 37. Be5 {[%clk 0:00:50]} Qe7 {[%clk 0:06:00]} 38. Qf4 {[%clk 0:00:50]}
Qe6 {[%clk 0:03:26]} 39. Qg5 {[%clk 0:01:06]} Qf7 {[%clk 0:01:05]} 40. h5 {[%clk
0:30:36]} Bxh5 {[%clk 0:01:05]} 41. Bxg7 {[%clk 0:30:19]} Qxg7 {[%clk 0:31:06]}
42. Qxh5+ {[%clk 0:30:19]} Qh6 {[%clk 0:23:51]} 43. Qxh6+ {[%clk 0:29:13]} Kxh6
{[%clk 0:23:51]} 44. Kg3 {[%clk 0:11:24]} Kg5 {[%clk 0:22:31]} 45. f4+ {[%clk
0:05:12]} Kf5 {[%clk 0:17:00]} 46. Kf3 {[%clk 0:05:12]} c5 {[%clk 0:17:26]} 47.
g4+ {[%clk 0:05:36]} Kf6 {[%clk 0:16:40]} 48. Ke3 {[%clk 0:01:57]} b5 {[%clk
0:16:40]} 49. Kd3 {[%clk 0:01:26]} a5 {[%clk 0:14:47]} 50. g5+ {[%clk 0:01:26]}
Kf5 {[%clk 0:14:59]} 51. Kc2 {[%clk 0:01:26]} a4 {[%clk 0:04:55]} 52. a3 {[%clk
0:01:51]} Kg6 {[%clk 0:01:49]} 53. Kb2 {[%clk 0:02:15]} Kf5 {[%clk 0:01:30]} 54.
Kc2 {[%clk 0:02:41]} Kg6 {[%clk 0:01:50]} 55. Kb2 {[%clk 0:03:07]} 1/2-1/2

[Event "Irena Warakomska Memorial A"]
[Site "chessmanager.com"]
[Date "2018.08.05"]
[Round "6"]
[White "Nowak, Lukasz"]
[Black "Kashlinskaya, Alina"]
[Result "1/2-1/2"]
[Board "44"]
[WhiteElo "2293"]
[WhiteCountry "POL"]
[WhiteFideId "1166760"]
[WhiteEloChange "4"]
[BlackElo "2435"]
[BlackTitle "IM"]
[BlackCountry "RUS"]
[BlackFideId "4198026"]
[BlackEloChange "-2"]

1. e4 {[%clk 1:30:30]} e5 {[%clk 1:30:54]} 2. Nf3 {[%clk 1:30:49]} Nc6 {[%clk
1:31:19]} 3. Bc4 {[%clk 1:31:08]} Bc5 {[%clk 1:31:34]} 4. O-O {[%clk 1:31:27]}
Nf6 {[%clk 1:31:48]} 5. d3 {[%clk 1:31:36]} a6 {[%clk 1:30:34]} 6. c3 {[%clk
1:28:34]} d6 {[%clk 1:30:07]} 7. a4 {[%clk 1:28:44]} Ba7 {[%clk 1:30:06]} 8. Re1
{[%clk 1:29:03]} O-O {[%clk 1:30:05]} 9. h3 {[%clk 1:29:18]} h6 {[%clk 1:28:16]}
10. Nbd2 {[%clk 1:29:22]} Re8 {[%clk 1:28:00]} 11. b4 {[%clk 1:09:26]} Be6 {[%clk
1:16:15]} 12. Bb2 {[%clk 1:06:20]} Bxc4 {[%clk 1:12:11]} 13. Nxc4 {[%clk
1:06:34]} d5 {[%clk 1:10:47]} 14. exd5 {[%clk 1:01:27]} Qxd5 {[%clk 1:10:07]} 15.
Ncxe5 {[%clk 0:54:28]} Rxe5 {[%clk 0:53:10]} 16. Nxe5 {[%clk 0:53:26]} Nxe5
{[%clk 0:52:07]} 17. c4 {[%clk 0:48:16]} Bxf2+ {[%clk 0:51:02]} 18. Kh1 {[%clk
0:30:21]} Nxc4 {[%clk 0:43:17]} 19. dxc4 {[%clk 0:30:30]} Qxc4 {[%clk 0:43:42]}
20. Qe2 {[%clk 0:30:45]} Qxe2 {[%clk 0:31:55]} 21. Rxe2 {[%clk 0:31:04]} Bg3
{[%clk 0:32:15]} 22. Bxf6 {[%clk 0:24:00]} gxf6 {[%clk 0:32:28]} 23. Rd1 {[%clk
0:24:19]} Kg7 {[%clk 0:27:02]} 24. Kg1 {[%clk 0:24:23]} f5 {[%clk 0:23:25]} 25.
Kf1 {[%clk 0:23:21]} Bd6 {[%clk 0:21:00]} 26. Rd4 {[%clk 0:22:59]} f4 {[%clk
0:20:23]} 27. Red2 {[%clk 0:15:11]} Re8 {[%clk 0:15:05]} 28. Rxd6 {[%clk
0:13:25]} cxd6 {[%clk 0:15:05]} 29. Rxd6 {[%clk 0:13:44]} Re6 {[%clk 0:13:15]}
30. Rd4 {[%clk 0:13:53]} Rf6 {[%clk 0:07:33]} 31. Kf2 {[%clk 0:13:53]} Kg6 {[%clk
0:07:48]} 32. Kf3 {[%clk 0:12:05]} Kg5 {[%clk 0:07:47]} 33. Rd5+ {[%clk 0:10:47]}
Kg6 {[%clk 0:07:50]} 34. Rd4 {[%clk 0:11:02]} Kg5 {[%clk 0:08:15]} 35. Rd5+
{[%clk 0:11:27]} Kg6 {[%clk 0:07:54]} 1/2-1/2